Les présidents les plus détestés (édition 2025) - Statistiques

Statistiques générales
  • Ce quiz a été pris 64 fois
  • Le résultat moyen est 2 sur 10
Statistiques - réponses
Hint Réponse % Correct
E Emmanuel Macron
98%
J Joe Biden
20%
J Jair Bolsonaro
17%
B Benjamin Netanyahou
11%
R Recep Tayyip Erdogan
9%
O Olaf Scholz
7%
P Pedro Sanchez
4%
C Cyril Ramaphosa
2%
N Nicolas Maduro
2%
R Rishi Sunak
0%
Aucun quiz correspondant
Distribution des résultats
% des personnes avec chaque résultat
Percentile par nombre de réponses
Votre historique - résultats
Vous n’avez pas pris ce quiz